00728nam a22002171 450000100060000000300080000600500170001400800410003103500190007204000390009104100080013008200240013810000370016224500480019926000490024730000270029665000200032394200120034399900170035595201380037283306BD-RjUL20240311152749.0240311r19631932enkj 000 1 eng  a(BD-RjUL)83306 aNNLcVtUdOCoLCdDLCdBD-RjULbeng aeng 223a823.9bWAF 19631 aWalpole, Hugh,d1884-194191165914aThe fortress :ba novel /cby Hugh Walpole. aLondon :bMacmillan and co., limited,c1932. ax, 811 pages ;c21 cm. aEnglish Fiction 2ddccBK c83306d83306 00102ddc40718FICaRUCLbRUCLcReadingd1968-10-25eZeitlingerg21.00l0o823.9 WAF 1963r2024-03-11 00:00:00tC-1w2024-03-11yBK